[Event "Medellin Easter op 10th"]
[Site "Medellin"]
[Date "2022.04.16"]
[Round "6"]
[White "Aguila Batista, Jose"]
[Black "Ortiz Monsalve, Sebastian"]
[Result "1-0"]
[WhiteElo "1844"]
[BlackElo "1657"]
[PlyCount "51"]
[EventDate "2022.04.13"]
[EventType "swiss"]
[EventRounds "8"]
[EventCountry "COL"]
[SourceTitle "CBM 207 Extra"]
[Source "ChessBase"]
[SourceDate "2022.05.31"]
[SourceVersion "1"]
[SourceVersionDate "2022.05.31"]
[SourceQuality "1"]

1. d4 Nf6 2. Bg5 g6 3. Bxf6 exf6 4. e4 d5 5. exd5 Qxd5 6. c4 Qe4+ 7. Ne2 Bb4+ 8. Nd2 0-0 9. a3 Bxd2+ 10. Qxd2 c5 11. f3 Qe7 12. d5 Nd7 13. 0-0-0 Ne5 14. Nc3 Bd7 15. h3 g5 16. Ne4 b5 17. d6 Qd8 18. cxb5 Bf5 19. h4 Bxe4 20. fxe4 h6 21. hxg5 hxg5 22. Qc3 Kg7 23. Be2 Qb6 24. Rd5 Rh8 25. Rf1 Rad8 26. Rxf6 1-0

[Event "Medellin Easter op 10th"]
[Site "Medellin"]
[Date "2022.04.15"]
[Round "4"]
[White "Toro Castaneda, Miguel Angel"]
[Black "Ortiz Monsalve, Sebastian"]
[Result "1-0"]
[WhiteElo "1955"]
[BlackElo "1657"]
[PlyCount "63"]
[EventDate "2022.04.13"]
[EventType "swiss"]
[EventRounds "8"]
[EventCountry "COL"]
[SourceTitle "CBM 207 Extra"]
[Source "ChessBase"]
[SourceDate "2022.05.31"]
[SourceVersion "1"]
[SourceVersionDate "2022.05.31"]
[SourceQuality "1"]

1. e4 e6 2. d3 d5 3. Nd2 Nf6 4. Ngf3 b6 5. e5 Nfd7 6. d4 c5 7. c3 Nc6 8. Bd3 Be7 9. h4 h6 10. h5 Qc7 11. a3 c4 12. Bc2 a5 13. Rh3 b5 14. Rg3 Bf8 15. Nh4 Nb6 16. Qg4 Ra7 17. Rf3 Rg8 18. Nf1 Ne7 19. Qf4 Nc6 20. Bh7 Rh8 21. Bg6 Nd8 22. Ne3 b4 23. Ng4 Rg8 24. Bh7 Rh8 25. Bb1 Be7 26. Qg3 Bf8 27. Bg6 fxg6 28. Nxg6 Rg8 29. Bxh6 gxh6 30. Nf6+ Kf7 31. Nxg8+ Kxg8 32. Ne7+ 1-0